| 000 | 00798nam a2200217Ia 4500 | ||
|---|---|---|---|
| 003 | GCL | ||
| 005 | 20240530110926.0 | ||
| 008 | 140319s9999 xx 000 0 ara d | ||
| 040 |
_aGCL / _cGCL |
||
| 082 | 0 | 4 |
_a346.092 _bع ت |
| 100 | 1 | _aعادل محمد خير | |
| 245 | 1 | 0 |
_aالتنظيم القانونى للتعامل بالنقد الاجنبى فى المنشات السياحية والفندقية : _bمذيلا ب جرائم النقد السياحى / _cعادل محمد خير |
| 250 | _aط.1 | ||
| 260 |
_a[S.N] : _bدار النهضة العربية ، _c1992 |
||
| 300 | _a162 ص | ||
| 650 | 0 | 4 | _aالقانون |
| 650 | 0 | 4 | _aالاستثمار |
| 650 | 0 | 4 |
_aالسياحة _vقوانين وتشريعات |
| 650 | 0 | 4 | _aالقانون الدستورى |
| 942 |
_2ddc _cBK |
||
| 999 |
_c66569 _d66569 |
||